000 00585ntaaa2200193 4500
003 01
005 20251027202222.0
008 0714s1973 ag 01
040 _aAR-BaBN
_bspa
_cAR-BaBN
_eaacr
_dRIC
082 _a268.0000 K72
100 _aKnapp, Lena
_920685
245 _aCómo dirigir la educación cristiana en la iglesia local
250 _a1 ed.
260 _aBuenos Aires :
_bConsejo Metodista,
_cc1951
300 _a124 p
500 _aEjs. 3-7 (6828, 8848, 8849, 8850 and 8851) retirados definitivamente de biblioteca
650 _aeducación religiosa
_94601
942 _cBK
999 _c17046
_d17046